[Event "Division Honor Aragonesa Grupo B"]
[Site "Aragon"]
[Date "2017.03.04"]
[Round "6.30"]
[White "Ferreruela Romero, Jose Joaqui"]
[Black "Calvo Simon, Jorge"]
[Result "0-1"]
[WhiteElo "2073"]
[BlackElo "2142"]
[PlyCount "77"]
[EventDate "2017.01.28"]
[WhiteTeam "San Jose"]
[BlackTeam "Helios"]

1. d4 Nf6 2. Nf3 g6 3. c3 Bg7 4. Bf4 d6 5. h3 O-O 6. Nbd2 b6 7. e4 Bb7 8. Bd3
e5 9. Bg5 h6 10. Bxf6 Qxf6 11. dxe5 dxe5 12. Qc2 Nd7 13. O-O Nc5 14. Bc4 h5 15.
b4 Ne6 16. Bd5 Bxd5 17. exd5 Nf4 18. c4 Qd6 19. Rab1 f5 20. g3 Ne2+ 21. Kg2 e4
22. Ng1 Nd4 23. Qd1 a5 24. bxa5 Rxa5 25. Nb3 Nxb3 26. axb3 f4 27. Qc2 f3+ 28.
Kh1 e3 29. fxe3 Qxg3 30. Qf2 Qe5 31. Rfd1 Bh6 32. Rd3 Qe4 33. Rbd1 Bg5 34. Kh2
Bh4 35. Qd2 f2 36. Rd4 Qe5+ 37. Kh1 Qg3 38. Rxh4 Qxh4 39. Kg2 0-1

[Event "Division Honor Aragonesa Grupo B"]
[Site "Aragon"]
[Date "2017.03.04"]
[Round "6.31"]
[White "Aparicio Navarro, Pedro"]
[Black "Gutierrez Mingueza, Ruben"]
[Result "1/2-1/2"]
[WhiteElo "2135"]
[BlackElo "2068"]
[PlyCount "63"]
[EventDate "2017.01.28"]
[WhiteTeam "Helios"]
[BlackTeam "San Jose"]

1. Nf3 Nf6 2. c4 c5 3. Nc3 Nc6 4. d4 cxd4 5. Nxd4 g6 6. e4 d6 7. Be2 Bg7 8. Nc2
O-O 9. O-O Be6 10. Bg5 Rc8 11. Qd2 a6 12. Rac1 Na7 13. Be3 Ra8 14. f3 Bd7 15.
Nd5 Nc8 16. Bd4 e6 17. Nxf6+ Bxf6 18. a3 Bc6 19. Bxf6 Qxf6 20. Nd4 Ne7 21. Rfd1
Rad8 22. Qe3 e5 23. Nc2 Qg7 24. Rd2 f5 25. Rcd1 fxe4 26. fxe4 Nc8 27. Nb4 Bd7
28. Nd5 Bc6 29. Bg4 Bd7 30. Bxd7 Rxd7 31. c5 Rff7 32. Nc3 1/2-1/2

[Event "Division Honor Aragonesa Grupo B"]
[Site "Aragon"]
[Date "2017.03.04"]
[Round "6.32"]
[White "Gimeno Oteo, Marco Antonio"]
[Black "Munoz Munoz, Juan Carlos"]
[Result "1-0"]
[WhiteElo "2071"]
[BlackElo "1983"]
[PlyCount "61"]
[EventDate "2017.01.28"]
[WhiteTeam "San Jose"]
[BlackTeam "Helios"]

1. e4 c5 2. Nf3 Nc6 3. d4 cxd4 4. c3 d5 5. exd5 Qxd5 6. cxd4 e5 7. Nc3 Bb4 8.
Qa4 exd4 9. Bb5 Qe6+ 10. Kf1 Bxc3 11. bxc3 Nge7 12. Nxd4 Qg6 13. Ba3 O-O 14.
Bxc6 bxc6 15. Bxe7 Re8 16. Bb4 Bb7 17. Qc2 Qg5 18. h4 Qd5 19. Nf3 c5 20. c4 Ba6
21. Kg1 Qh5 22. Ba3 Bb7 23. Rh3 Re6 24. Qc3 Rae8 25. Rb1 Bc8 26. Rg3 f6 27. Qa5
Qf5 28. Rc1 Re2 29. Qxa7 R8e7 30. Qxc5 Qd7 31. Qd5+ 1-0

[Event "Preferente Aragonesa Grupo A"]
[Site "?"]
[Date "2017.03.04"]
[Round "6.33"]
[White "Roque Sola, Gisela"]
[Black "Gracia Campo, Carlos Alberto"]
[Result "1/2-1/2"]
[WhiteElo "2061"]
[BlackElo "2082"]
[PlyCount "69"]
[EventDate "2017.01.28"]
[WhiteTeam "St. Casablanca C"]
[BlackTeam "El Olivar B"]

1. c4 Nf6 2. Nc3 g6 3. e4 d6 4. d4 Bg7 5. Nf3 O-O 6. Be2 Nbd7 7. O-O c5 8. h3
cxd4 9. Nxd4 Nc5 10. f3 Nh5 11. Be3 e5 12. Ndb5 Nf4 13. Qxd6 Qg5 14. Bxf4 exf4
15. h4 Qe5 16. Rad1 Be6 17. Qxe5 Bxe5 18. b4 Na6 19. a3 Nc7 20. Nxc7 Bxc7 21.
h5 Kg7 22. hxg6 hxg6 23. Nd5 Be5 24. Rd3 Rh8 25. g3 fxg3 26. f4 Rh2 27. fxe5
Rxe2 28. Nc7 Bxc4 29. Rd4 Rh8 30. Rxc4 Rhh2 31. Rf3 Re1+ 32. Rf1 Ree2 33. Rf3
Re1+ 34. Rf1 Ree2 35. Rf3 1/2-1/2

[Event "Preferente Aragonesa Grupo A"]
[Site "?"]
[Date "2017.03.04"]
[Round "6.34"]
[White "Bailo Remacha, Santiago"]
[Black "Jaques Burguete, Raul"]
[Result "0-1"]
[WhiteElo "1957"]
[BlackElo "2011"]
[PlyCount "124"]
[EventDate "2017.01.28"]
[WhiteTeam "El Olivar B"]
[BlackTeam "St. Casablanca C"]

1. Nf3 Nc6 2. d4 d5 3. g3 Bg4 4. Bg2 Nf6 5. Ne5 Bf5 6. c4 e6 7. Nc3 Bb4 8. Nxc6
bxc6 9. Qa4 Bxc3+ 10. bxc3 Qd7 11. Ba3 Ne4 12. Rc1 Nd6 13. cxd5 cxd5 14. Qa6
Qb5 15. Qxb5+ Nxb5 16. Bc5 Nd6 17. c4 Be4 18. Bxe4 Nxe4 19. cxd5 exd5 20. f3
Nxc5 21. Rxc5 O-O-O 22. Kf2 Rhe8 23. Rb1 Re6 24. Rbc1 Rd7 25. R1c3 Rde7 26. e4
dxe4 27. d5 Rf6 28. f4 Ra6 29. Ke3 f5 30. a4 g6 31. a5 Rd6 32. Rb3 a6 33. Kd4
Red7 34. h3 h5 35. Kc4 Re7 36. Kd4 Red7 37. Re3 c6 38. Kc4 Kc7 39. dxc6 Rxc6
40. Rxc6+ Kxc6 41. Rb3 Rb7 42. Ra3 Rb1 43. Kd4 Kd6 44. Ke3 Rh1 45. h4 Rf1 46.
Ke2 Rf3 47. Rxf3 exf3+ 48. Kxf3 Kc5 49. Ke3 Kc4 50. Ke2 Kb4 51. Kd3 Kxa5 52.
Kd4 Kb4 53. Ke5 a5 54. Kf6 a4 55. Kxg6 a3 56. Kxf5 a2 57. Kg5 a1=Q 58. Kxh5
Qh8+ 59. Kg4 Qg7+ 60. Kh3 Kc4 61. h5 Kd4 62. g4 Ke4 0-1

[Event "Preferente Aragonesa Grupo A"]
[Site "?"]
[Date "2017.03.04"]
[Round "6.35"]
[White "Antonano Fedz-Quincoces, Aveli"]
[Black "Requena Munguira, Jorge"]
[Result "1-0"]
[WhiteElo "1949"]
[BlackElo "1916"]
[PlyCount "31"]
[EventDate "2017.01.28"]
[WhiteTeam "St. Casablanca C"]
[BlackTeam "El Olivar B"]

1. e4 c6 2. c4 d5 3. cxd5 cxd5 4. exd5 Qxd5 5. Nc3 Qa5 6. Nf3 Nf6 7. Bc4 e6 8.
O-O Be7 9. d4 O-O 10. Bf4 Nbd7 11. Qe2 Nb6 12. Bb3 Nbd5 13. Nxd5 Nxd5 14. Bd2
Qd8 15. Ne5 b6 16. Nc6 1-0

[Event "Preferente Aragonesa Grupo A"]
[Site "?"]
[Date "2017.03.04"]
[Round "6.36"]
[White "Arinez Bruna, Octavio"]
[Black "Arjol Lopez, Daniel"]
[Result "1/2-1/2"]
[WhiteElo "1890"]
[BlackElo "1927"]
[PlyCount "125"]
[EventDate "2017.01.28"]
[WhiteTeam "El Olivar B"]
[BlackTeam "St. Casablanca C"]

1. d4 d5 2. c4 e6 3. Nc3 c6 4. cxd5 exd5 5. Qc2 Nf6 6. Bg5 Be7 7. e3 O-O 8. Bd3
h6 9. Bf4 b6 10. Nf3 Ba6 11. O-O Bxd3 12. Qxd3 Nbd7 13. Rac1 Nh5 14. Ne2 Nxf4
15. Nxf4 Rc8 16. Qa6 Rc7 17. Rc2 Nb8 18. Qd3 Bd6 19. Qf5 Qd7 20. Qxd7 Nxd7 21.
Nd3 c5 22. dxc5 bxc5 23. Rfc1 c4 24. g3 Rfc8 25. Nf4 Bxf4 26. gxf4 Nc5 27. Rd1
Nd3 28. Ne5 Nxe5 29. fxe5 Rc5 30. f4 Kh7 31. Rd4 R8c7 32. Kf1 Rb7 33. e4 dxe4
34. Rxe4 Kg6 35. Rcxc4 Rxc4 36. Rxc4 Rxb2 37. Ra4 Rxh2 38. Rxa7 Rh4 39. f5+
Kxf5 40. Rxf7+ Kg6 41. Re7 Ra4 42. Kg2 Rxa2+ 43. Kf3 Ra4 44. e6 Ra5 45. Kf4
Rf5+ 46. Ke4 Rg5 47. Rf7 h5 48. Rf8 Rg1 49. Kd5 Rd1+ 50. Kc6 Rc1+ 51. Kd6 Rd1+
52. Kc6 Re1 53. Kd7 Rd1+ 54. Kc6 Re1 55. Kd7 h4 56. e7 Kg5 57. e8=Q Rxe8 58.
Kxe8 h3 59. Kf7 Kh4 60. Kg6 h2 61. Rh8+ Kg3 62. Rxh2 Kxh2 63. Kxg7 1/2-1/2

[Event "Preferente Aragonesa Grupo A"]
[Site "?"]
[Date "2017.03.04"]
[Round "6.37"]
[White "Soler Lopez, Hugo"]
[Black "Vallverdu Miret, Oscar"]
[Result "1/2-1/2"]
[WhiteElo "2086"]
[BlackElo "2071"]
[PlyCount "113"]
[EventDate "2017.01.28"]
[WhiteTeam "Agrupacion C"]
[BlackTeam "Fraga"]

1. e4 b6 2. d4 Bb7 3. Bd3 e6 4. Nf3 Nf6 5. Qe2 d5 6. e5 Nfd7 7. Ng5 Be7 8. h4
Nf8 9. Qf3 Bxg5 10. hxg5 Ba6 11. Bxa6 Nxa6 12. Qa3 Nb8 13. Be3 Nc6 14. Qa4 Qd7
15. Nc3 Na5 16. O-O-O Qxa4 17. Nxa4 O-O-O 18. Rh3 Nc6 19. Nc3 Rd7 20. Rf3 a6
21. a3 Ng6 22. Rh1 Nf8 23. Ne2 Rg8 24. Rfh3 Ne7 25. f4 Nc6 26. g4 Ne7 27. f5
Nc6 28. b3 Nd8 29. c3 Kb7 30. Kc2 Kc8 31. Nc1 Nc6 32. Nd3 Kd8 33. a4 Kc8 34.
Bc1 Ne7 35. Rf1 Kd8 36. Ba3 exf5 37. gxf5 g6 38. f6 Nf5 39. Kd2 Ne6 40. Rg1 Rh8
41. Ke2 Kc8 42. Rg4 h5 43. gxh6 Rxh6 44. Rxh6 Nxh6 45. Rh4 Nf5 46. Rh7 Ng5 47.
Rh8+ Rd8 48. Rxd8+ Kxd8 49. Nf4 c6 50. e6 fxe6 51. Nxg6 Nf7 52. Ne5 Nxe5 53.
dxe5 Ke8 54. a5 b5 55. Kd3 Ng3 56. Bc5 Kf7 57. Bd6 1/2-1/2

[Event "Preferente Aragonesa Grupo A"]
[Site "?"]
[Date "2017.03.04"]
[Round "6.38"]
[White "Aribau Rivas, Miguel Angel"]
[Black "Manguez Tomas, Andres"]
[Result "1-0"]
[WhiteElo "2030"]
[BlackElo "2007"]
[PlyCount "143"]
[EventDate "2017.01.28"]
[WhiteTeam "Fraga"]
[BlackTeam "Agrupacion C"]

1. e4 e5 2. Nf3 Nc6 3. Bc4 Be7 4. O-O Nf6 5. Re1 O-O 6. c3 d6 7. h3 b6 8. d3
Bb7 9. Nbd2 Qd7 10. a4 a6 11. Nf1 Na5 12. Ba2 c5 13. Ng3 b5 14. axb5 axb5 15.
Bd2 Nc6 16. Nf5 Bd8 17. Be3 Ne7 18. N3h4 Nxf5 19. Nxf5 Bb6 20. Bg5 Bd8 21. Qf3
Nxe4 22. dxe4 Bxg5 23. Qg4 Qd8 24. Red1 Ra6 25. h4 g6 26. Nxd6 Rxd6 27. hxg5 c4
28. Rxd6 Qxd6 29. Rd1 Qa6 30. Bb1 Bc8 31. Qg3 Re8 32. Qe3 Qa1 33. Qd2 Qa7 34.
Kf1 Bg4 35. f3 Be6 36. Bc2 Qa2 37. Bb1 Qa7 38. g4 Qe7 39. Kg2 f6 40. gxf6 Qxf6
41. Bc2 Rf8 42. Qe3 Qh4 43. Rh1 Qf6 44. Bd1 Rd8 45. Be2 Qf8 46. Qg5 Re8 47.
Qxe5 Bxg4 48. Qxb5 Be6 49. Bxc4 Qf7 50. Bxe6 Qxe6 51. Qd5 Kg7 52. Rd1 Qf6 53.
Qd4 Re5 54. Qd7+ Re7 55. Qg4 Rb7 56. Rd7+ Rxd7 57. Qxd7+ Kh6 58. Qd2+ Kh5 59.
b4 Qa6 60. Qd5+ Kh6 61. b5 Qa1 62. Qd2+ Kh5 63. b6 Qb1 64. b7 g5 65. Qd5 Qc2+
66. Kg3 Qxc3 67. Qf7+ Kh6 68. b8=Q Qe1+ 69. Kg4 Qh4+ 70. Kf5 Qh3+ 71. Ke5 Qh2+
72. f4 1-0

[Event "Preferente Aragonesa Grupo A"]
[Site "?"]
[Date "2017.03.04"]
[Round "6.39"]
[White "Larrosa Poves, Jose Manuel"]
[Black "Alsina Franco, Sergio"]
[Result "0-1"]
[WhiteElo "1978"]
[BlackElo "1875"]
[PlyCount "108"]
[EventDate "2017.01.28"]
[WhiteTeam "Agrupacion C"]
[BlackTeam "Fraga"]

1. d4 Nf6 2. c4 e6 3. g3 Bb4+ 4. Bd2 Qe7 5. Bg2 Bxd2+ 6. Qxd2 d5 7. Nf3 Ne4 8.
Qc2 Nc6 9. a3 a5 10. O-O O-O 11. Nc3 Nxc3 12. Qxc3 Rd8 13. Rad1 a4 14. Rfe1 f5
15. Ne5 Na5 16. e3 Nb3 17. Bf1 c6 18. c5 Qc7 19. Bd3 Ra5 20. Qb4 g5 21. f4 h5
22. Re2 Qg7 23. Rg2 g4 24. Bc2 Qc7 25. Bxb3 axb3 26. Qxb3 Rb5 27. Qc3 Ra5 28.
b4 Ra7 29. Ra2 Bd7 30. a4 Rda8 31. a5 Be8 32. Rb1 Kf8 33. Nd3 Kg8 34. Nb2 h4
35. gxh4 Qh7 36. Qe1 Qh5 37. Qg3 Kg7 38. Nd3 Bf7 39. Ne5 Rh8 40. Rg2 Be8 41. h3
Qxh4 42. Qxh4 Rxh4 43. hxg4 fxg4 44. Rxg4+ Rxg4+ 45. Nxg4 Bg6 46. Kf2 Bxb1 47.
Ne5 Ra8 48. Nd7 Bd3 49. Ke1 Rh8 50. Kd2 Bb5 51. Ne5 Rh2+ 52. Kc3 Re2 53. Ng4
Kg6 54. Ne5+ Kf5 0-1

[Event "Preferente Aragonesa Grupo A"]
[Site "?"]
[Date "2017.03.04"]
[Round "6.40"]
[White "Casas Chine, German"]
[Black "Moreno Martin-Viveros, Alvaro"]
[Result "0-1"]
[WhiteElo "1807"]
[BlackElo "1881"]
[PlyCount "50"]
[EventDate "2017.01.28"]
[WhiteTeam "Fraga"]
[BlackTeam "Agrupacion C"]

1. e4 d5 2. exd5 Qxd5 3. Nc3 Qa5 4. d4 Nf6 5. h3 Nc6 6. Nf3 Bf5 7. Bd3 O-O-O 8.
O-O e6 9. Be3 Be7 10. a3 Bxd3 11. Qxd3 Qh5 12. Qc4 Nd5 13. Nxd5 Rxd5 14. b4 Qf5
15. Qb3 Bf6 16. c3 g5 17. Qb1 h5 18. Nd2 Qxb1 19. Raxb1 g4 20. Ne4 Be7 21. c4
Rd7 22. hxg4 hxg4 23. Rfd1 Rhd8 24. Ng5 Nxd4 25. Bxd4 Bxg5 0-1

[Event "Preferente Aragonesa Grupo A"]
[Site "?"]
[Date "2017.03.04"]
[Round "6.41"]
[White "Malo Guillen, Jose Luis"]
[Black "Rodriguez Leiva, Manuel"]
[Result "0-1"]
[WhiteElo "2118"]
[BlackElo "1974"]
[PlyCount "62"]
[EventDate "2017.01.28"]
[WhiteTeam "Las Fuentes"]
[BlackTeam "Jaime Casas B"]

1. d4 d5 2. c4 e6 3. Nf3 Nf6 4. g3 Be7 5. Bg2 O-O 6. O-O c6 7. Qc2 Nbd7 8. Nbd2
Re8 9. e4 dxe4 10. Nxe4 Nxe4 11. Qxe4 Nf8 12. Rd1 Bf6 13. Bf4 Ng6 14. Be5 Bxe5
15. dxe5 Qb6 16. Rd2 Qa5 17. b3 Rb8 18. Rad1 c5 19. h4 b5 20. h5 Bb7 21. Qc2
Bxf3 22. Bxf3 Nxe5 23. Be4 f5 24. Qb2 Qc7 25. f4 fxe4 26. fxe5 Qf7 27. Qc3 Qxh5
28. cxb5 Rf8 29. Re1 Rf3 30. Re3 Rbf8 31. Qxc5 Rf1+ 0-1

[Event "Preferente Aragonesa Grupo A"]
[Site "?"]
[Date "2017.03.04"]
[Round "6.42"]
[White "Buil Rello, Jose Antonio"]
[Black "Querol Soro, Sergio"]
[Result "1/2-1/2"]
[WhiteElo "1781"]
[BlackElo "1959"]
[PlyCount "41"]
[EventDate "2017.01.28"]
[WhiteTeam "Jaime Casas B"]
[BlackTeam "Las Fuentes"]

1. e4 g6 2. d4 Bg7 3. c4 d6 4. Nc3 e5 5. Be3 Nc6 6. Nge2 f5 7. d5 Nce7 8. f3
Nh6 9. Qd2 Nf7 10. b4 a6 11. a4 fxe4 12. fxe4 Bd7 13. a5 Ng8 14. Ng3 Nf6 15.
Be2 Ng4 16. Bxg4 Bxg4 17. Nge2 Qh4+ 18. Bf2 Qe7 19. Be3 Qh4+ 20. Bf2 Qe7 21.
Be3 1/2-1/2

[Event "Preferente Aragonesa Grupo A"]
[Site "?"]
[Date "2017.03.04"]
[Round "6.43"]
[White "Alonso Blasco, Jose Miguel"]
[Black "Salas Latorre, Jose"]
[Result "1/2-1/2"]
[WhiteElo "1952"]
[BlackElo "1750"]
[PlyCount "88"]
[EventDate "2017.01.28"]
[WhiteTeam "Las Fuentes"]
[BlackTeam "Jaime Casas B"]

1. e4 c6 2. d4 d5 3. exd5 cxd5 4. Bd3 Nc6 5. c3 Nf6 6. Bf4 Qb6 7. Qb3 Qxb3 8.
axb3 Bg4 9. Nd2 e6 10. Ngf3 a6 11. O-O Be7 12. Ne5 Nxe5 13. Bxe5 O-O 14. h3 Bh5
15. b4 Bg6 16. Bxg6 hxg6 17. Nb3 Nd7 18. Bf4 Rfc8 19. Nc5 Nxc5 20. bxc5 Bd8 21.
Ra4 Bc7 22. Bxc7 Rxc7 23. Rfa1 Re8 24. f4 Kf8 25. Rb4 Ree7 26. Rb6 Ke8 27. c6
Rxc6 28. Rxc6 bxc6 29. Rxa6 Rc7 30. b4 Ke7 31. h4 f6 32. Kf2 Kd7 33. Ke3 Ke7
34. Kd3 f5 35. g3 Kd7 36. Kc2 Ke7 37. Kb3 Kd7 38. Ka4 Rb7 39. Ra8 Kc7 40. Rg8
Ra7+ 41. Kb3 Kd6 42. Kb2 Re7 43. Ra8 Rc7 44. Kb3 Rb7 1/2-1/2

[Event "Preferente Aragonesa Grupo A"]
[Site "?"]
[Date "2017.03.04"]
[Round "6.44"]
[White "Olivan Alvira, Alejandro"]
[Black "Mombiela De Sus, Jose Luis"]
[Result "0-1"]
[WhiteElo "1550"]
[BlackElo "1911"]
[PlyCount "54"]
[EventDate "2017.01.28"]
[WhiteTeam "Jaime Casas B"]
[BlackTeam "Las Fuentes"]

1. c4 f5 2. Nc3 Nf6 3. d4 e6 4. Bg5 h6 5. Bxf6 Qxf6 6. e4 fxe4 7. Nxe4 Bb4+ 8.
Nc3 O-O 9. Nf3 Nc6 10. Qd2 e5 11. dxe5 Nxe5 12. Nxe5 Qxe5+ 13. Qe3 Qa5 14. Be2
d5 15. O-O Bf5 16. Nxd5 Rae8 17. Nf6+ gxf6 18. Qg3+ Kh7 19. Bd3 Bd6 20. f4 Bxd3
21. Qxd3+ f5 22. g4 Qc5+ 23. Kg2 Re3 24. Qd5 Qxd5+ 25. cxd5 fxg4 26. f5 Re2+
27. Kh1 Rxh2+ 0-1

[Event "Preferente Aragonesa Grupo A"]
[Site "?"]
[Date "2017.03.04"]
[Round "6.45"]
[White "Pellicer Cemeli, Jose Luis"]
[Black "Citoler Serrat, Adriano"]
[Result "1/2-1/2"]
[WhiteElo "1967"]
[BlackElo "1901"]
[PlyCount "87"]
[EventDate "2017.01.28"]
[WhiteTeam "L'Aurora Estadilla B"]
[BlackTeam "Monzon"]

1. Nf3 d5 2. d4 Nf6 3. c4 e6 4. Nc3 dxc4 5. e3 a6 6. Bxc4 b5 7. Bd3 Bb7 8. O-O
Nbd7 9. Qe2 c5 10. Rd1 cxd4 11. exd4 Be7 12. h3 O-O 13. Ng5 Rc8 14. Bf4 h6 15.
Nge4 b4 16. Nxf6+ Nxf6 17. Na4 a5 18. Nc5 Bc6 19. Bc4 Bd5 20. Ba6 Ra8 21. Bd3
Bc6 22. Bc4 Bd5 23. Bxd5 Qxd5 24. b3 Bxc5 25. dxc5 Qf5 26. Qe5 Ne4 27. Qxf5
exf5 28. Bd6 Rfd8 29. Rd5 g6 30. f3 Nxc5 31. Rad1 Ne6 32. Kf2 f4 33. Be5 Rxd5
34. Rxd5 a4 35. Rb5 axb3 36. axb3 g5 37. Rxb4 Kh7 38. Ra4 Rc8 39. b4 Rc2+ 40.
Kg1 Rc1+ 41. Kf2 Rc2+ 42. Kf1 Rc1+ 43. Ke2 Rc2+ 44. Kf1 1/2-1/2

[Event "Preferente Aragonesa Grupo A"]
[Site "?"]
[Date "2017.03.04"]
[Round "6.46"]
[White "Garreta Crespo, Blas"]
[Black "Fuentes Espuna, Juan Antonio"]
[Result "1/2-1/2"]
[WhiteElo "1801"]
[BlackElo "1962"]
[PlyCount "87"]
[EventDate "2017.01.28"]
[WhiteTeam "Monzon"]
[BlackTeam "L'Aurora Estadilla B"]

1. f4 c5 2. Nf3 Nc6 3. e3 Nf6 4. b3 d5 5. Bb5 Qb6 6. Qe2 Bg4 7. Bxc6+ bxc6 8.
d3 e6 9. Bb2 Be7 10. Nbd2 h6 11. h3 Bh5 12. O-O O-O 13. g4 Bg6 14. Ne5 Qc7 15.
Ndf3 Nd7 16. Qg2 Nxe5 17. Nxe5 Bf6 18. Qg3 Bxe5 19. Bxe5 Qd7 20. f5 Bh7 21. f6
g5 22. h4 Kh8 23. hxg5 Rg8 24. gxh6 Rg6 25. Kf2 Rag8 26. Rg1 c4 27. Qf4 cxd3
28. cxd3 Rg5 29. Qd4 c5 30. Qf4 Qb5 31. d4 cxd4 32. Qxd4 a5 33. Rac1 Be4 34.
Bf4 Rxg4 35. Rxg4 Rxg4 36. Bg3 Rxg3 37. Kxg3 Qb8+ 38. Kh3 Qg8 39. Qe5 Qg2+ 40.
Kh4 Bf5 41. Qg3 Qe4+ 42. Qf4 Qg2 43. Qg3 Qe4+ 44. Qf4 1/2-1/2

[Event "Preferente Aragonesa Grupo A"]
[Site "?"]
[Date "2017.03.04"]
[Round "6.47"]
[White "Puertolas Serena, Arturo"]
[Black "Hidalgo Gracia, Andres"]
[Result "0-1"]
[WhiteElo "1832"]
[BlackElo "1797"]
[PlyCount "86"]
[EventDate "2017.01.28"]
[WhiteTeam "L'Aurora Estadilla B"]
[BlackTeam "Monzon"]

1. d4 d5 2. Nf3 Nf6 3. c4 c6 4. e3 Nbd7 5. Nc3 e6 6. cxd5 exd5 7. Bd3 Bd6 8. a3
O-O 9. b4 Re8 10. Qc2 Nf8 11. h3 Qe7 12. Bb2 Ne4 13. Bxe4 dxe4 14. Nd2 Bf5 15.
Na4 Qg5 16. g4 Bg6 17. Nc4 Bc7 18. Nc5 Rab8 19. O-O-O Qd5 20. Ne5 a5 21. h4 h6
22. Nxg6 Nxg6 23. h5 Nf8 24. Rdg1 Nh7 25. Qb3 Qxb3 26. Nxb3 axb4 27. axb4 Ng5
28. Nd2 Bd6 29. Bc3 Ra8 30. Kb2 Rf8 31. Ra1 Rxa1 32. Rxa1 f5 33. Nc4 Bh2 34.
gxf5 Rxf5 35. Ra8+ Kh7 36. Ne5 Rxf2+ 37. Kb3 Bxe5 38. dxe5 Rf7 39. Re8 Rd7 40.
e6 Rd6 41. Re7 Nxe6 42. Be5 Rd3+ 43. Kc4 b5# 0-1

[Event "Preferente Aragonesa Grupo A"]
[Site "?"]
[Date "2017.03.04"]
[Round "6.48"]
[White "Garreta Nieto, Maria"]
[Black "Rodriguez Avellanas, Jose Manu"]
[Result "1/2-1/2"]
[WhiteElo "1736"]
[BlackElo "1730"]
[PlyCount "96"]
[EventDate "2017.01.28"]
[WhiteTeam "Monzon"]
[BlackTeam "L'Aurora Estadilla B"]

1. e4 c6 2. d4 d5 3. exd5 cxd5 4. Nf3 Nf6 5. Bd3 g6 6. O-O Bg7 7. Re1 O-O 8. c3
Nc6 9. Bg5 Bg4 10. Nbd2 a6 11. Qc2 Rc8 12. Rac1 Re8 13. h3 Bxf3 14. Nxf3 Nb4
15. Qd2 Nxd3 16. Qxd3 Qb6 17. Rc2 Ne4 18. Bf4 Nd6 19. Rce2 e6 20. Be5 Ne4 21.
Bxg7 Kxg7 22. Rb1 Qc7 23. Nd2 Nxd2 24. Rxd2 Qc4 25. Qxc4 Rxc4 26. Re1 Rec8 27.
g3 b5 28. a3 a5 29. Re3 b4 30. cxb4 axb4 31. Rd1 bxa3 32. bxa3 Ra8 33. Rb3 Ra7
34. Kg2 Rca4 35. Rdd3 Rc4 36. Kf3 Rca4 37. Ke3 f5 38. h4 Kf6 39. f3 h6 40. Rdc3
g5 41. h5 Rg7 42. Rb4 Ra5 43. a4 Rga7 44. Ra3 R7a6 45. Ra2 e5 46. dxe5+ Kxe5
47. Kd3 Kd6 48. Kd4 Rc5 1/2-1/2

[Event "Preferente Aragonesa Grupo A"]
[Site "?"]
[Date "2017.03.04"]
[Round "6.49"]
[White "Soriano Gracia, Manuel"]
[Black "Escuer Sanchez, Nestor"]
[Result "0-1"]
[WhiteElo "1984"]
[BlackElo "2071"]
[PlyCount "86"]
[EventDate "2017.01.28"]
[WhiteTeam "Monsalud"]
[BlackTeam "SMA Barbastro"]

1. e4 e6 2. d4 d5 3. exd5 exd5 4. Bd3 Nc6 5. c3 Bd6 6. Qf3 Be6 7. Ne2 Qd7 8. h3
O-O-O 9. Bg5 Re8 10. Nd2 h6 11. Bf4 Bxf4 12. Qxf4 g5 13. Qg3 f5 14. f4 Nf6 15.
fxg5 Nh5 16. Qf3 hxg5 17. O-O-O g4 18. Qf2 Ne7 19. Nb3 b6 20. Nf4 Nxf4 21. Qxf4
Ng6 22. Qf1 gxh3 23. gxh3 Kb8 24. Nd2 Qd6 25. Qf3 Nh4 26. Qf2 Bc8 27. Rde1
Rxe1+ 28. Rxe1 f4 29. Rh1 f3 30. Kc2 Qf4 31. b4 Rg8 32. Bf1 Bf5+ 33. Kc1 Bh7
34. Kb2 Qf5 35. Qxh4 Qc2+ 36. Ka3 Qc1+ 37. Ka4 Bc2+ 38. Nb3 Bxb3+ 39. Kxb3 Qb1+
40. Ka3 Qc1+ 41. Ka4 Qc2+ 42. Kb5 Kb7 43. Qf6 a6# 0-1

[Event "Preferente Aragonesa Grupo A"]
[Site "?"]
[Date "2017.03.04"]
[Round "6.50"]
[White "Andreu Sin, Raul"]
[Black "Miranda Garcia, Eduardo"]
[Result "1-0"]
[WhiteElo "2032"]
[BlackElo "1844"]
[PlyCount "91"]
[EventDate "2017.01.28"]
[WhiteTeam "SMA Barbastro"]
[BlackTeam "Monsalud"]

1. d4 d6 2. c4 Nf6 3. Nc3 g6 4. e4 Bg7 5. Nf3 O-O 6. Be2 c6 7. O-O Nbd7 8. Qc2
Qc7 9. h3 e5 10. dxe5 dxe5 11. Be3 b6 12. b4 Bb7 13. Rab1 Rfd8 14. a3 Nf8 15.
Rfd1 Ne6 16. Bf1 Nd4 17. Nxd4 exd4 18. Rxd4 Rxd4 19. Bxd4 Rd8 20. Be3 Nd7 21.
Rd1 Nf6 22. c5 Rxd1 23. Nxd1 Nd7 24. Qd2 bxc5 25. bxc5 Bf8 26. Qc3 Qe5 27. Qxe5
Nxe5 28. Nb2 Bc8 29. Nc4 Nd7 30. Nd6 Nb6 31. cxb6 Bxd6 32. bxa7 Bb7 33. a4 Kf8
34. Bb6 Ke7 35. Ba6 Ba8 36. Bc8 Be5 37. a5 c5 38. a6 c4 39. Bb7 c3 40. Be3 c2
41. Bc1 Bd4 42. Bxa8 Bxa7 43. Bd5 f6 44. Bb3 Kd6 45. Bxc2 Kc7 46. Be3 1-0

[Event "Preferente Aragonesa Grupo A"]
[Site "?"]
[Date "2017.03.04"]
[Round "6.51"]
[White "Miranda Herrera, Jorge Manuel"]
[Black "Avellanas Pau, Miguel Angel"]
[Result "1-0"]
[WhiteElo "1780"]
[BlackElo "1861"]
[PlyCount "67"]
[EventDate "2017.01.28"]
[WhiteTeam "Monsalud"]
[BlackTeam "SMA Barbastro"]

1. e4 e5 2. Nf3 Nc6 3. Bc4 Be7 4. Nc3 Nf6 5. d4 d6 6. h3 h6 7. O-O O-O 8. d5
Nb8 9. Nh2 Nbd7 10. f4 exf4 11. Bxf4 Ne5 12. Be2 Nfd7 13. Qd2 Ng6 14. Be3 Nde5
15. g4 Bg5 16. Rad1 Qe7 17. Nb5 Nh4 18. Nd4 Neg6 19. Bd3 Qe5 20. Qf2 f5 21. Ne6
fxe4 22. Nxf8 Nxf8 23. Bxg5 hxg5 24. Rde1 Bd7 25. Bxe4 Qf6 26. Qxf6 gxf6 27.
Rxf6 Re8 28. Rff1 Kg7 29. Bd3 Re5 30. Rxe5 dxe5 31. Nf3 Nxf3+ 32. Rxf3 b6 33.
Bf5 Be8 34. Rc3 1-0

[Event "Preferente Aragonesa Grupo A"]
[Site "?"]
[Date "2017.03.04"]
[Round "6.52"]
[White "Campo Pelegrin, Ramon"]
[Black "Miranda Herrera, Miguel"]
[Result "1-0"]
[WhiteElo "1771"]
[BlackElo "1496"]
[PlyCount "99"]
[EventDate "2017.01.28"]
[WhiteTeam "SMA Barbastro"]
[BlackTeam "Monsalud"]

1. e4 d5 2. exd5 Nf6 3. d4 Bg4 4. Be2 Bxe2 5. Qxe2 Qxd5 6. Nf3 Nc6 7. c4 Qe4 8.
Nc3 Qxe2+ 9. Kxe2 e6 10. Bf4 O-O-O 11. Rhd1 Bd6 12. Bxd6 Rxd6 13. Rd2 Rhd8 14.
Rad1 a6 15. h3 h6 16. g4 g5 17. Ke3 e5 18. d5 Na5 19. b3 Re8 20. Ne4 Nxe4 21.
Kxe4 f6 22. c5 Rd7 23. Rc1 b5 24. cxb6 Red8 25. bxc7 Rxc7 26. Rdc2 Rxc2 27.
Rxc2+ Kd7 28. Nd2 Nb7 29. Nc4 Ke7 30. Rd2 Nc5+ 31. Kf5 Kf7 32. b4 Nb7 33. Ke4
h5 34. f3 a5 35. Nxa5 Nd6+ 36. Ke3 hxg4 37. hxg4 f5 38. gxf5 Nxf5+ 39. Ke4 Kf6
40. Nc6 Nd6+ 41. Kd3 Re8 42. Re2 g4 43. fxg4 e4+ 44. Kd4 Nb5+ 45. Kc4 Nc7 46.
a4 e3 47. Kd4 Kg5 48. Ne5 Na6 49. Rxe3 Rd8 50. Nf7+ 1-0

[Event "Preferente Aragonesa Grupo B"]
[Site "Aragon"]
[Date "2017.03.04"]
[Round "6.53"]
[White "Dominguez Luzon, Fernando"]
[Black "Gil Capape, Marco Antonio"]
[Result "0-1"]
[WhiteElo "1959"]
[BlackElo "2110"]
[PlyCount "34"]
[EventDate "2017.01.28"]
[WhiteTeam "Delicias B"]
[BlackTeam "Caissa-Hnos Cortes"]

1. e4 e6 2. d4 d5 3. e5 c5 4. c3 Nc6 5. Nf3 Bd7 6. Be2 f6 7. O-O fxe5 8. Nxe5
Qc7 9. f4 cxd4 10. Nxd7 Kxd7 11. Bg4 Nf6 12. Kh1 Qb6 13. Nd2 Re8 14. c4 Kc7 15.
Re1 Nb4 16. c5 Qa6 17. Nb3 Nxg4 0-1